000
00218nam a22000857a 4500
008
170605b xxu||||| |||| 00| 0 eng d
100
_9
3267
_a
Gadgil. G
245
_a
To each a Thief
260
_a
New Delhi
_b
Sathiy academy
_c
1997
999
_c
6581
_d
6581